| 000 | 00673nam a2200181Ia 4500 | ||
|---|---|---|---|
| 008 | 090201s9999 xx 000 0 und d | ||
| 010 | _aKPL-73226 | ||
| 040 | _bमराठी | ||
| 041 | _aमराठी | ||
| 082 |
_a53706 _b73226 |
||
| 100 | _aडॉ. बालाजी तांबे | ||
| 245 |
_aआयुर्वेदीय गर्भसंस्कार (रामबाग) _cडॉ. बालाजी तांबे |
||
| 250 | _a3 | ||
| 260 |
_c2007 _bसकाळ पेपर्स लि. |
||
| 300 |
_a212 _bमोठा |
||
| 600 | _aआयुर्वेदीय गर्भसंस्कार (रामबाग) | ||
| 942 | _cBOOK | ||
| 999 |
_c250128 _d250128 |
||